[Event "Titled Tue 1st Jul Early"]
[Site "chess.com INT"]
[Date "2025.07.01"]
[Round "6"]
[White "Berg, Vadim Daskevich"]
[Black "Aghaei, Alireza"]
[Result "0-1"]
[WhiteTitle "IM"]
[BlackTitle "CM"]
[WhiteElo "2445"]
[BlackElo "2204"]
[WhiteFideId "11601965"]
[BlackFideId "12509914"]
[EventDate "2025.07.01"]

1. e4 c5 2. Nf3 d6 3. Bb5+ Bd7 4. Bxd7+ Nxd7 5. O-O Ngf6 6. Re1 g6 7. d4 cxd4 8.
Nxd4 Bg7 9. c4 O-O 10. b3 Nc5 11. f3 a6 12. Bb2 Rc8 13. Nc3 Nfd7 14. Kh1 Ne5 15.
Re2 Ned3 16. Nb1 Nxb2 17. Rxb2 Ne6 0-1

[Event "Titled Tue 1st Jul Early"]
[Site "chess.com INT"]
[Date "2025.07.01"]
[Round "6"]
[White "Jake Shanty"]
[Black "Daulet, Alikhan"]
[Result "1-0"]
[WhiteTitle "FM"]
[BlackTitle "CM"]
[WhiteElo "2252"]
[BlackElo "2075"]
[WhiteFideId "33478066"]
[BlackFideId "13741632"]
[EventDate "2025.07.01"]

1. Nf3 d5 2. e3 Nf6 3. b3 e6 4. Bb2 Bd6 5. d4 O-O 6. Bd3 b6 7. O-O Bb7 8. Nbd2
Nbd7 9. c4 Qe7 10. Qe2 a6 11. Rad1 c5 12. e4 dxe4 13. Nxe4 Nxe4 14. Bxe4 Bxe4
15. Qxe4 Nf6 16. Qh4 cxd4 17. Bxd4 Bc5 18. Bxf6 Qxf6 19. Qxf6 gxf6 20. Rd7 Rfd8
21. Rfd1 Rxd7 22. Rxd7 Kf8 23. Kf1 Ke8 24. Rb7 Rd8 25. Ke2 a5 26. Ne1 Rd7 27.
Rb8+ Ke7 28. Nd3 Bd4 29. Rh8 a4 30. Rxh7 axb3 31. axb3 Ra7 32. Nb4 Kd6 33. Nc2
Be5 34. g3 f5 35. Kd3 Ra3 36. Nxa3 1-0

[Event "Titled Tue 1st Jul Early"]
[Site "chess.com INT"]
[Date "2025.07.01"]
[Round "6"]
[White "Jaiswal, Rupesh"]
[Black "Perez Cruz, Adianet"]
[Result "1-0"]
[WhiteTitle "FM"]
[BlackTitle "WFM"]
[WhiteElo "2064"]
[BlackElo "1984"]
[WhiteFideId "12300870"]
[BlackFideId "3510115"]
[EventDate "2025.07.01"]

1. d4 d5 2. Bf4 c6 3. c3 Nf6 4. e3 Bf5 5. Nd2 Nbd7 6. Qb3 Qb6 7. Ngf3 e6 8. h3
h6 9. Be2 Ne4 10. O-O Be7 11. Nxe4 Bxe4 12. Nd2 Bg6 13. Bf3 O-O 14. e4 dxe4 15.
Nxe4 Nf6 16. Nxf6+ Bxf6 17. Bd6 Rfd8 18. Qxb6 axb6 19. Bc7 Rd7 20. Bxb6 e5 21.
dxe5 Bxe5 22. Be3 f6 23. a3 Bc7 24. Rad1 Rad8 25. Rxd7 Rxd7 26. Rd1 Rxd1+ 27.
Bxd1 Bf7 28. Kf1 Bd5 29. f3 Kf7 30. Ke2 Ke6 31. Kd3 Bf4 32. Bxf4 1-0

[Event "Titled Tue 1st Jul Early"]
[Site "chess.com INT"]
[Date "2025.07.01"]
[Round "6"]
[White "Paltrinieri, Nicholas"]
[Black "Hernandez Leon, Sergio"]
[Result "1-0"]
[WhiteTitle "FM"]
[BlackTitle "CM"]
[WhiteElo "2359"]
[BlackElo "2109"]
[WhiteFideId "828262"]
[BlackFideId "2285622"]
[EventDate "2025.07.01"]

1. d4 f5 2. e4 fxe4 3. Nc3 Nf6 4. Bg5 g6 5. h4 d5 6. h5 Bg7 7. f3 Nc6 8. h6 Bf8
9. Bb5 Bd7 10. Bxf6 exf6 11. Nxd5 a6 12. Ba4 b5 13. Bb3 exf3 14. Qxf3 Be7 15.
O-O-O Na5 16. Re1 Nxb3+ 17. Qxb3 1-0

[Event "Titled Tue 1st Jul Early"]
[Site "chess.com INT"]
[Date "2025.07.01"]
[Round "6"]
[White "Fikiet, Alex"]
[Black "Sayce, Hannah"]
[Result "1-0"]
[BlackTitle "WCM"]
[WhiteElo "2151"]
[BlackElo "1877"]
[WhiteFideId "2052717"]
[BlackFideId "3250695"]
[EventDate "2025.07.01"]

1. e4 c5 2. d4 cxd4 3. c3 Nf6 4. e5 Nd5 5. Nf3 Nc6 6. Bc4 Nb6 7. Bb3 d6 8. exd6
Qxd6 9. Na3 e6 10. Nb5 Qd7 11. Bf4 dxc3 12. Nc7+ Kd8 13. bxc3 Nd5 14. Bxd5 exd5
15. Nxa8 Bc5 16. O-O h6 1-0

[Event "Titled Tue 1st Jul Early"]
[Site "chess.com INT"]
[Date "2025.07.01"]
[Round "6"]
[White "Tsyhanchuk, Stanislav"]
[Black "Rustemov, Alexander"]
[Result "0-1"]
[WhiteTitle "IM"]
[BlackTitle "GM"]
[WhiteElo "2273"]
[BlackElo "2525"]
[WhiteFideId "13505130"]
[BlackFideId "4119002"]
[EventDate "2025.07.01"]

1. e4 e6 2. d4 d5 3. Nc3 dxe4 4. Nxe4 Bd7 5. Nf3 Bc6 6. Bd3 Nd7 7. O-O Ngf6 8.
Re1 Nxe4 9. Bxe4 Bxe4 10. Rxe4 Nf6 11. Re1 Be7 12. c3 O-O 13. Bf4 c5 14. dxc5
Bxc5 15. Qb3 Qb6 16. Qxb6 Bxb6 17. Rad1 Rfd8 18. Ne5 Nd5 19. Bg3 Rac8 20. Kf1 f6
21. Nf3 Kf7 22. Nd4 e5 23. Nf5 g6 24. Nh6+ Kg7 25. Ng4 h5 26. Ne3 Bxe3 27. Rxd5
Rxd5 28. fxe3 Rcd8 29. Re2 Rd2 30. e4 Kf7 31. Bf2 a6 32. Bb6 R8d7 33. Be3 Rxe2
34. Kxe2 Ke6 35. c4 f5 36. b4 fxe4 37. a4 Rd3 38. c5 Rb3 39. Bd2 Kd5 0-1

[Event "Titled Tue 1st Jul Early"]
[Site "chess.com INT"]
[Date "2025.07.01"]
[Round "6"]
[White "Leiva, Gianmarco"]
[Black "Vokhidov, Shamsiddin"]
[Result "0-1"]
[WhiteTitle "IM"]
[BlackTitle "GM"]
[WhiteElo "2387"]
[BlackElo "2650"]
[WhiteFideId "3804399"]
[BlackFideId "14204223"]
[EventDate "2025.07.01"]

1. e4 c5 2. Nf3 e6 3. g3 Nc6 4. Bg2 Nf6 5. Qe2 e5 6. d3 Be7 7. Bg5 O-O 8. Nc3 d6
9. Bxf6 Bxf6 10. Nd5 Be6 11. Ne3 g6 12. h4 h5 13. Bh3 Nd4 14. Qd1 Bg7 15. c3
Nxf3+ 16. Qxf3 Qd7 17. Bxe6 fxe6 18. Qe2 Bh6 19. O-O-O Rf6 20. g4 Raf8 21. Rh2
Rf3 22. Rg1 Kh7 23. Kb1 Bxe3 24. fxe3 hxg4 25. Rxg4 Rf1+ 26. Kc2 Qa4+ 27. Kd2
Qxa2 0-1

[Event "Titled Tue 1st Jul Early"]
[Site "chess.com INT"]
[Date "2025.07.01"]
[Round "6"]
[White "Burovic, Rijad"]
[Black "Li, Hui"]
[Result "0-1"]
[WhiteTitle "IM"]
[BlackTitle "CM"]
[WhiteElo "2420"]
[BlackElo "2065"]
[WhiteFideId "14407701"]
[BlackFideId "15400310"]
[EventDate "2025.07.01"]

1. e4 e5 2. f4 d5 3. exd5 e4 4. d3 Nf6 5. dxe4 Nxe4 6. Nf3 Bc5 7. Qe2 Bf5 8. Nc3
Qe7 9. Be3 Nxc3 10. Bxc5 Qxe2+ 11. Bxe2 Nxe2 12. Kxe2 Na6 13. Ba3 Bxc2 14. Kd2
Be4 15. Rhe1 f5 16. Ng5 O-O-O 17. Nxe4 Rxd5+ 18. Kc2 fxe4 19. Rxe4 Rhd8 20. Re2
Rd4 21. Rf1 Nb4+ 22. Kb1 Rd1+ 0-1

[Event "Titled Tue 1st Jul Early"]
[Site "chess.com INT"]
[Date "2025.07.01"]
[Round "6"]
[White "Dubnevych, Maksym"]
[Black "Erdogmus, Yagiz Kaan"]
[Result "0-1"]
[WhiteTitle "FM"]
[BlackTitle "GM"]
[WhiteElo "2296"]
[BlackElo "2626"]
[WhiteFideId "14184001"]
[BlackFideId "44599790"]
[EventDate "2025.07.01"]

1. Nc3 d5 2. e4 dxe4 3. Nxe4 Nf6 4. Nxf6+ exf6 5. d4 Bd6 6. Bd3 O-O 7. Ne2 Nc6
8. O-O Re8 9. Be3 Bg4 10. Qd2 Nb4 11. Bc4 c6 12. f3 Bf5 13. Rad1 Nxc2 14. Bf2
Nb4 15. Nc3 Be6 16. Bxe6 fxe6 17. Rfe1 Nd5 18. Ne4 Bb4 19. Nc3 Qa5 20. Rc1 Qxa2
21. Qe3 0-1

[Event "Titled Tue 1st Jul Early"]
[Site "chess.com INT"]
[Date "2025.07.01"]
[Round "6"]
[White "Alvarado Diaz, Alejandro"]
[Black "Guo, Felix"]
[Result "1-0"]
[WhiteTitle "IM"]
[WhiteElo "2484"]
[BlackElo "2091"]
[WhiteFideId "2276119"]
[BlackFideId "30997550"]
[EventDate "2025.07.01"]

1. e4 e5 2. Nc3 Nf6 3. g3 d5 4. exd5 Nxd5 5. Bg2 Nxc3 6. bxc3 Nc6 7. Nf3 Bd6 8.
O-O O-O 9. Rb1 e4 10. Nd4 f5 11. Nxc6 bxc6 12. d3 Ba6 13. Re1 Be5 14. Bd2 exd3
15. Rxe5 dxc2 16. Qxc2 Bd3 17. Qb3+ Kh8 18. Rbe1 Rb8 19. Qa3 Qf6 20. h4 Bc4 21.
Bg5 Qg6 22. Qc5 Bxa2 23. Qxa7 Bc4 24. Qxc7 h6 25. Bf4 Rbd8 26. Qxc6 1-0

[Event "Titled Tue 1st Jul Early"]
[Site "chess.com INT"]
[Date "2025.07.01"]
[Round "6"]
[White "Yonal, Timur"]
[Black "Osiecki, Stanislaw"]
[Result "1-0"]
[WhiteTitle "FM"]
[BlackTitle "FM"]
[WhiteElo "2090"]
[BlackElo "1944"]
[WhiteFideId "44115725"]
[BlackFideId "1102990"]
[EventDate "2025.07.01"]

1. b3 e5 2. Bb2 d6 3. c4 Nf6 4. Nc3 Be7 5. e3 O-O 6. Nf3 c6 7. Be2 a5 8. O-O
Nbd7 9. Qc2 Nc5 10. d4 Ncd7 11. Rad1 Qc7 12. h3 Re8 13. Ng5 h6 14. Nge4 Nxe4 15.
Nxe4 f5 16. Ng3 g6 17. Nxf5 gxf5 18. Qxf5 Nf8 19. Qh5 Be6 20. dxe5 Bf7 21. Qg4+
Bg6 22. f4 Qd7 23. f5 h5 24. Qg3 Kh7 25. e6 Nxe6 26. Qxg6# 1-0

[Event "Titled Tue 1st Jul Early"]
[Site "chess.com INT"]
[Date "2025.07.01"]
[Round "6"]
[White "Vidruska, Renate"]
[Black "Moghaddamian, Afshin"]
[Result "0-1"]
[WhiteTitle "WFM"]
[BlackTitle "CM"]
[WhiteElo "2026"]
[BlackElo "2126"]
[WhiteFideId "11601841"]
[BlackFideId "12503886"]
[EventDate "2025.07.01"]

1. e4 c5 2. Nf3 g6 3. d4 cxd4 4. Nxd4 Nc6 5. Nc3 Bg7 6. Nde2 Nf6 7. g3 O-O 8.
Bg2 Rb8 9. O-O b5 10. h3 a5 11. Nd5 d6 12. c3 Nd7 13. Bg5 h6 14. Bf4 Ba6 15. Qd2
g5 16. Be3 e6 17. e5 exd5 18. Bxd5 Ncxe5 19. b3 Bb7 20. f4 Bxd5 21. fxe5 Be6 22.
exd6 Bxh3 23. Rfd1 Ne5 24. Qd5 Bg4 25. Kf2 Qf6+ 26. Ke1 Nf3+ 0-1

[Event "Titled Tue 1st Jul Early"]
[Site "chess.com INT"]
[Date "2025.07.01"]
[Round "6"]
[White "Azizoglu, Ferzan"]
[Black "Preobrazhenskaya, Diana"]
[Result "0-1"]
[BlackTitle "WFM"]
[WhiteElo "2055"]
[BlackElo "2029"]
[WhiteFideId "6302726"]
[BlackFideId "34270566"]
[EventDate "2025.07.01"]

1. e4 c5 2. c3 d5 3. exd5 Nf6 4. d4 Nxd5 5. Nf3 cxd4 6. Nxd4 e5 7. Nb5 Be6 8.
Be2 a6 9. N5a3 Nc6 10. O-O Bc5 11. Nc4 O-O 12. Bf3 Nxc3 13. Nxc3 Bxc4 14. Re1
Qb6 15. Qc2 Nb4 16. Qe4 Bxf2+ 17. Kh1 Bxe1 18. Qxc4 Nc2 19. Nd5 Qf2 0-1

[Event "Titled Tue 1st Jul Early"]
[Site "chess.com INT"]
[Date "2025.07.01"]
[Round "6"]
[White "Sovetbekova, Nurai"]
[Black "Risteski, Emil"]
[Result "0-1"]
[WhiteTitle "WFM"]
[BlackTitle "IM"]
[WhiteElo "2007"]
[BlackElo "2374"]
[WhiteFideId "13801910"]
[BlackFideId "15005267"]
[EventDate "2025.07.01"]

1. d4 d6 2. c4 e5 3. Nc3 exd4 4. Qxd4 Nf6 5. g3 Nc6 6. Qd1 Be6 7. b3 d5 8. cxd5
Nxd5 9. Nxd5 Qxd5 10. Qxd5 Bxd5 11. Nf3 Bb4+ 12. Bd2 Bxd2+ 13. Kxd2 O-O-O 14.
Kc3 Rhe8 15. Bh3+ Kb8 16. Rhe1 Bxf3 17. exf3 a5 18. Re3 Nb4 19. Rxe8 Rxe8 20. a3
Nd5+ 21. Kd2 c5 22. Re1 Rxe1 23. Kxe1 Kc7 24. Kd2 Kd6 25. f4 b5 26. Bf5 h6 27.
Bd3 Kc6 28. Be4 c4 29. b4 axb4 30. axb4 Kd6 31. Bxd5 Kxd5 32. f3 Kd4 33. h4 c3+
34. Kc2 Kc4 35. g4 Kxb4 36. f5 Kc4 37. g5 f6 0-1

[Event "Titled Tue 1st Jul Early"]
[Site "chess.com INT"]
[Date "2025.07.01"]
[Round "6"]
[White "Karpenko, Anton"]
[Black "Hari, Madhavan N B"]
[Result "0-1"]
[WhiteTitle "CM"]
[BlackTitle "IM"]
[WhiteElo "2218"]
[BlackElo "2365"]
[WhiteFideId "34374353"]
[BlackFideId "25054309"]
[EventDate "2025.07.01"]

1. e4 e5 2. Nf3 Nc6 3. Bc4 Nf6 4. d3 h6 5. O-O d6 6. a4 g6 7. a5 a6 8. Nc3 Bg7
9. h3 O-O 10. Be3 Ne7 11. d4 exd4 12. Bxd4 Nc6 13. Be3 Re8 14. Qd2 Nxe4 15. Nxe4
Rxe4 16. Bd5 Re8 17. Bxh6 Bxb2 18. c3 Bxa1 19. Rxa1 Be6 20. Bg5 f6 21. Qd3 Kg7
22. Nh4 Ne5 0-1

[Event "Titled Tue 1st Jul Early"]
[Site "chess.com INT"]
[Date "2025.07.01"]
[Round "6"]
[White "Pournami S"]
[Black "Shubenkova, Veronika"]
[Result "0-1"]
[WhiteTitle "WCM"]
[BlackTitle "WFM"]
[WhiteElo "1730"]
[BlackElo "2031"]
[WhiteFideId "25732439"]
[BlackFideId "44124040"]
[EventDate "2025.07.01"]

1. d4 d5 2. c4 e6 3. Nc3 f5 4. Nf3 Nf6 5. g3 c6 6. cxd5 exd5 7. Bg2 Bd6 8. O-O
Nbd7 9. Qc2 Ne4 10. Nd2 Qf6 11. f3 Qxd4+ 12. Kh1 Nf2+ 13. Rxf2 Qxf2 14. Qxf5 Nf6
15. Qd3 Bc5 16. e3 Bxe3 17. Qf1 Qxf1+ 18. Nxf1 Bxc1 19. Rxc1 O-O 20. Nd2 Bf5 21.
Nb3 Rae8 22. g4 Bg6 23. h4 h5 24. g5 Nd7 25. Nd4 Rf4 26. Nce2 Rxh4+ 27. Kg1 c5 0-1

[Event "Titled Tue 1st Jul Early"]
[Site "chess.com INT"]
[Date "2025.07.01"]
[Round "6"]
[White "Brozynski, Patryk"]
[Black "Bristy, Mukherjee"]
[Result "0-1"]
[WhiteTitle "CM"]
[BlackTitle "WFM"]
[WhiteElo "2192"]
[BlackElo "2031"]
[WhiteFideId "2512700"]
[BlackFideId "25077325"]
[EventDate "2025.07.01"]

1. Nf3 b6 2. b3 Bb7 3. Bb2 c5 4. e3 Nc6 5. d4 d5 6. Be2 Nf6 7. O-O e6 8. Nbd2
Bd6 9. c4 O-O 10. Rc1 Rc8 11. Re1 Ne4 12. cxd5 exd5 13. dxc5 bxc5 14. Nxe4 dxe4
15. Ng5 Bxh2+ 16. Kxh2 Qxg5 17. Qd6 Nb4 18. a3 Nd3 19. Bxd3 exd3 20. e4 d2 21.
Rcd1 dxe1=Q 22. Rxe1 Rc6 23. Qd3 Rh6+ 24. Kg1 Qh4 25. Kf1 Ba6 0-1

[Event "Titled Tue 1st Jul Early"]
[Site "chess.com INT"]
[Date "2025.07.01"]
[Round "6"]
[White "Li, Yilin"]
[Black "Liu, Zachary Hankun"]
[Result "0-1"]
[WhiteTitle "WFM"]
[WhiteElo "1922"]
[BlackElo "2067"]
[WhiteFideId "8610410"]
[BlackFideId "2640287"]
[EventDate "2025.07.01"]

1. e4 c5 2. Nf3 d6 3. c3 Nf6 4. d3 g6 5. g3 Bg7 6. Bg2 O-O 7. O-O Nc6 8. Re1 e5
9. h3 h6 10. d4 cxd4 11. cxd4 exd4 12. Nxd4 Nxd4 13. Qxd4 Be6 14. Nc3 Nd5 15.
Qd3 Nxc3 16. bxc3 Qc7 17. Bb2 Rac8 18. Rac1 Bxa2 19. Ra1 Bc4 20. Qd2 a6 21. Ba3
Rfd8 22. Bb4 Be6 23. Rec1 Qc4 24. f3 d5 25. Bf1 Qc6 26. Qg2 dxe4 27. fxe4 Rd7
28. Ra5 Rcd8 29. Rc5 Qb6 30. Rc2 Bf8 0-1

[Event "Titled Tue 1st Jul Early"]
[Site "chess.com INT"]
[Date "2025.07.01"]
[Round "6"]
[White "Ramiro Ovejero, Juan Luis"]
[Black "Dragnev, Valentin"]
[Result "0-1"]
[WhiteTitle "IM"]
[BlackTitle "GM"]
[WhiteElo "2334"]
[BlackElo "2547"]
[WhiteFideId "2210436"]
[BlackFideId "1634852"]
[EventDate "2025.07.01"]

1. e4 d5 2. exd5 Qxd5 3. Nc3 Qa5 4. Bc4 Nf6 5. d3 a6 6. Bd2 Qe5+ 7. Nge2 b5 8.
Bb3 Bb7 9. O-O e6 10. Bf4 Qh5 11. Nd4 Qg6 12. Bg3 h5 13. Bxe6 fxe6 14. Nxe6 Kd7
15. Nxc7 h4 16. Nxa8 hxg3 17. Nb6+ Kc7 18. fxg3 Qh6 19. h3 Qe3+ 20. Rf2 Bc5 0-1

[Event "Titled Tue 1st Jul Early"]
[Site "chess.com INT"]
[Date "2025.07.01"]
[Round "6"]
[White "Lazavik, Denis"]
[Black "Srihari, L R"]
[Result "1-0"]
[WhiteTitle "GM"]
[BlackTitle "IM"]
[WhiteElo "2580"]
[BlackElo "2482"]
[WhiteFideId "13515110"]
[BlackFideId "46617116"]
[EventDate "2025.07.01"]

1. e4 c5 2. Nf3 Nc6 3. d4 cxd4 4. Nxd4 e5 5. Nb5 d6 6. N1c3 a6 7. Na3 Nf6 8. Bg5
b5 9. Nab1 Be7 10. Bxf6 Bxf6 11. a4 b4 12. Nd5 O-O 13. Bc4 Bg5 14. O-O Kh8 15.
Nd2 a5 16. Nf3 Bg4 17. h3 Bxf3 18. Qxf3 Nd4 19. Qd3 Ne6 20. c3 bxc3 21. Nxc3 Nd4
22. Nb5 Qb6 23. Rad1 Bf6 24. b3 Rad8 25. Nxd4 exd4 26. f4 g6 27. g3 Bg7 28. Kg2
Rc8 29. h4 h5 30. Qf3 Rc5 31. f5 Qb7 32. f6 Bh6 33. Rxd4 Rd8 34. Rfd1 Bf8 35.
Rd5 Rxd5 36. Rxd5 Re8 37. Rxa5 Qb4 38. Rxh5+ 1-0

[Event "Titled Tue 1st Jul Early"]
[Site "chess.com INT"]
[Date "2025.07.01"]
[Round "6"]
[White "Manukian, Artak"]
[Black "Sakun, Volodymyr"]
[Result "0-1"]
[BlackTitle "FM"]
[WhiteElo "2104"]
[BlackElo "2301"]
[WhiteFideId "13301373"]
[BlackFideId "14114062"]
[EventDate "2025.07.01"]

1. e4 e5 2. Nf3 Nc6 3. d4 exd4 4. Nxd4 Bc5 5. Nxc6 Qf6 6. Qf3 bxc6 7. Bc4 d6 8.
Nc3 Be6 9. Bxe6 fxe6 10. Qxf6 Nxf6 11. f3 e5 12. Ke2 Bb6 13. Be3 d5 14. Bxb6
axb6 15. a3 Ke7 16. Rad1 Ke6 17. g4 d4 18. Nb1 c5 19. h4 h5 20. g5 Nd7 21. Nd2
Nf8 22. Nf1 Ng6 23. Ng3 Nf4+ 24. Kd2 c4 25. Nf5 g6 26. Ng3 c5 27. Rh2 b5 28. Ne2
Rhf8 29. Nxf4+ Rxf4 30. Ke2 c3 31. bxc3 Rxa3 32. cxd4 exd4 33. Rh3 Re3+ 34. Kf2
Rc3 35. Rd2 Rxe4 36. fxe4 Rxh3 37. Rd3 Rxd3 38. cxd3 c4 39. Ke2 Ke5 40. Kd2 cxd3
41. Kxd3 b4 0-1

[Event "Titled Tue 1st Jul Early"]
[Site "chess.com INT"]
[Date "2025.07.01"]
[Round "6"]
[White "Unsal, Gorkem"]
[Black "Vincenti, Leonardo"]
[Result "1-0"]
[WhiteTitle "CM"]
[BlackTitle "CM"]
[WhiteElo "2109"]
[BlackElo "2265"]
[WhiteFideId "51607484"]
[BlackFideId "28550820"]
[EventDate "2025.07.01"]

1. e4 e5 2. Nf3 Nf6 3. d4 Nxe4 4. Bd3 d5 5. Nxe5 Bd6 6. c4 c6 7. O-O O-O 8. Nc3
Nxc3 9. bxc3 Bxe5 10. dxe5 Qc7 11. Ba3 Re8 12. Bd6 Qd7 13. cxd5 cxd5 14. Qh5 g6
15. Qh4 Nc6 16. Rfe1 Qd8 17. Qg3 Be6 18. h4 Qd7 19. h5 Bf5 20. Rad1 Rad8 21. h6
d4 22. Bxf5 Qxf5 23. cxd4 Re6 24. d5 Rdxd6 25. exd6 Nd4 26. dxe6 Nxe6 27. d7 Nd8
28. Re8# 1-0

[Event "Titled Tue 1st Jul Early"]
[Site "chess.com INT"]
[Date "2025.07.01"]
[Round "6"]
[White "Rabin, Evan"]
[Black "Garbuz, Vitaliy"]
[Result "0-1"]
[BlackTitle "CM"]
[WhiteElo "1945"]
[BlackElo "2243"]
[WhiteFideId "2028670"]
[BlackFideId "12990710"]
[EventDate "2025.07.01"]

1. e4 c5 2. Nf3 Nc6 3. Bb5 g6 4. O-O Bg7 5. c3 Nf6 6. e5 Nd5 7. d4 Nc7 8. Bxc6
dxc6 9. Bg5 Bg4 10. Nbd2 Ne6 11. Be3 cxd4 12. cxd4 Qd5 13. h3 Bxf3 14. Nxf3 O-O
15. Qb3 Qxb3 16. axb3 a6 17. Rfd1 Rfd8 18. Kf1 Rd5 19. Ke2 Rad8 20. Rd3 c5 21.
Rad1 cxd4 22. Nxd4 Nc5 23. Rc3 Bxe5 24. Rdc1 Bxd4 25. Bxd4 Ne4 26. Rc7 Rxd4 27.
Rxe7 Nd6 28. Rcc7 0-1

[Event "Titled Tue 1st Jul Early"]
[Site "chess.com INT"]
[Date "2025.07.01"]
[Round "6"]
[White "Cacheiro Blanco, Diego"]
[Black "Rohit, S"]
[Result "0-1"]
[WhiteTitle "FM"]
[BlackTitle "FM"]
[WhiteElo "2383"]
[BlackElo "2215"]
[WhiteFideId "54541042"]
[BlackFideId "46633847"]
[EventDate "2025.07.01"]

1. Nf3 d5 2. c4 e6 3. g3 Nf6 4. Bg2 d4 5. O-O Be7 6. e3 c5 7. b4 dxe3 8. fxe3
cxb4 9. d4 O-O 10. a3 bxa3 11. Bxa3 Bxa3 12. Rxa3 Nc6 13. Nc3 Qe7 14. Qa1 Nb4
15. Qb2 Nc2 16. Qxc2 Qxa3 17. Rb1 Qe7 18. c5 Nd5 19. e4 Nxc3 20. Qxc3 a5 21. Ne5
a4 22. Nc4 Ra7 23. Ra1 Bd7 24. Nb6 Bb5 25. h4 Qf6 26. Ra2 a3 27. Kh2 Rd8 28. e5
Qg6 29. Rxa3 Rxa3 30. Qxa3 Qc2 31. Qf3 Bc6 0-1

[Event "Titled Tue 1st Jul Early"]
[Site "chess.com INT"]
[Date "2025.07.01"]
[Round "6"]
[White "Shuvalov, Evgenij"]
[Black "Gonzalez Mojica, Renan Arturo"]
[Result "1-0"]
[BlackTitle "FM"]
[WhiteElo "1980"]
[BlackElo "2098"]
[WhiteFideId "4187237"]
[BlackFideId "4482379"]
[EventDate "2025.07.01"]

1. d4 d6 2. Nf3 g6 3. c4 Bg7 4. e4 Nf6 5. Nc3 O-O 6. Be2 e5 7. O-O Na6 8. Be3
Ng4 9. Bg5 Qe8 10. c5 exd4 11. Nd5 dxc5 12. Bxa6 bxa6 13. Nxc7 Qc6 14. Nxa8 Qxa8
15. Be7 Re8 16. Bxc5 Bb7 17. h3 Ne5 18. Nxe5 Bxe5 19. f3 Rd8 20. Qd3 Qc8 21.
Rac1 Qe6 22. Bb4 Qf6 23. Bd2 Qg5 24. Bxg5 1-0

[Event "Titled Tue 1st Jul Early"]
[Site "chess.com INT"]
[Date "2025.07.01"]
[Round "6"]
[White "Borges, Wagner da Silva"]
[Black "Aranda, Juan Manuel"]
[Result "1-0"]
[WhiteTitle "CM"]
[BlackTitle "CM"]
[WhiteElo "2055"]
[BlackElo "2134"]
[WhiteFideId "2100401"]
[BlackFideId "160458"]
[EventDate "2025.07.01"]

1. d4 d6 2. c4 e5 3. dxe5 dxe5 4. Qxd8+ Kxd8 5. Nc3 Be6 6. e4 c6 7. Nf3 f6 8.
Be3 Kc7 9. O-O-O Na6 10. Kc2 Bc5 11. Bxc5 Nxc5 12. b4 Nd7 13. c5 a5 14. a3 axb4
15. axb4 Nh6 16. h3 Nf7 17. Nd2 Ra3 18. Nc4 Ra7 19. Be2 Rha8 20. Rd2 Ng5 21.
Rhd1 Ra2+ 22. Nxa2 Rxa2+ 23. Kd3 Bxc4+ 24. Kxc4 Rxd2 25. Rxd2 Nxe4 26. Ra2 Nxf2
27. Bf3 Nd1 28. Bxd1 1-0

[Event "Titled Tue 1st Jul Early"]
[Site "chess.com INT"]
[Date "2025.07.01"]
[Round "6"]
[White "Alazmi, Amani"]
[Black "Duarte Cramer, Lily Jeanette"]
[Result "0-1"]
[WhiteTitle "WCM"]
[BlackTitle "WCM"]
[WhiteElo "1733"]
[BlackElo "1828"]
[WhiteFideId "10303553"]
[BlackFideId "29620180"]
[EventDate "2025.07.01"]

1. e4 c5 2. c3 Nf6 3. e5 Nd5 4. d4 cxd4 5. cxd4 Nc6 6. Nf3 d6 7. Bc4 Nb6 8. Bb5
dxe5 9. Nxe5 Bd7 10. Nxd7 Qxd7 11. Nc3 e6 12. O-O Bb4 13. Qg4 Bxc3 14. bxc3 O-O
15. Bh6 f5 16. Qg3 Nd5 17. Bxc6 bxc6 18. Rfe1 Nf6 19. Bg5 Ne4 20. Qf4 Nxc3 21.
Rac1 Ne4 22. Bh4 Qxd4 23. Rcd1 Qc5 24. Rd7 Rf7 25. Rxf7 Kxf7 26. Qc7+ Kg8 27.
Qb7 Rd8 28. h3 g5 29. Rxe4 fxe4 30. Bg3 e3 31. Qc7 exf2+ 32. Kh2 f1=N+ 0-1

[Event "Titled Tue 1st Jul Early"]
[Site "chess.com INT"]
[Date "2025.07.01"]
[Round "6"]
[White "Chiu, Isaac"]
[Black "Karvatskyi, Oleksii"]
[Result "1-0"]
[BlackTitle "CM"]
[WhiteElo "2226"]
[BlackElo "2258"]
[WhiteFideId "30900654"]
[BlackFideId "14191059"]
[EventDate "2025.07.01"]

1. b3 e5 2. Bb2 d6 3. c4 Nc6 4. g3 Nf6 5. Bg2 g6 6. e3 Bg7 7. Ne2 O-O 8. d4 exd4
9. Nxd4 Nxd4 10. Bxd4 Re8 11. O-O c6 12. Nc3 Bf5 13. Qd2 Qd7 14. Rad1 Rad8 15.
Bxa7 Bh3 16. Bb6 Bxg2 17. Kxg2 h5 18. Bxd8 Rxd8 19. Qd3 h4 20. Ne4 Nxe4 21. Qxe4
h3+ 22. Kg1 Re8 23. Qf3 Qe6 24. Rd3 Be5 25. Rfd1 Kg7 26. Qe4 Qc8 27. f4 Qg4 28.
Kf2 Re6 29. Qf3 Qf5 30. e4 Qf6 31. fxe5 Qxe5 32. Kg1 Rf6 33. Qe3 Qb2 34. R3d2
Qe5 35. Qd4 Qg5 36. Rf2 1-0